Anteproyecto arquitectónico de un edificio híbrido en Managua, Nicaragua
Presenta una propuesta de edificios híbridos capaces de generar interacciones y congestión mediante la combinación de programas, fomento de actividades y composición de programas, fomento de actividades y potencial de la vida urbana.
| Main Author: | |
|---|---|
| Other Authors: | |
| Format: | Tesis Section = Libro |
| Language: | Undetermined Spanish |
| Published: |
Managua
UNI
2020
|
| Subjects: |
| LEADER | 00989nam a2200253Ia 4500 | ||
|---|---|---|---|
| 008 | 240830s9999 xx 000 0 und d | ||
| 040 | |a BIBLIOTECA-RUSB/ Mon 721.042 S631 | ||
| 041 | |a spa | ||
| 082 | |a Mon 721.042 S631 | ||
| 100 | 1 | |a Salazar Baker, Keiko Sofía | |
| 245 | 1 | 0 | |a Anteproyecto arquitectónico de un edificio híbrido en Managua, Nicaragua |
| 260 | |a Managua |b UNI |c 2020 | ||
| 300 | |a 89 p. :il. | ||
| 500 | |a Contiene: anexos y CD. | ||
| 502 | |a Tesis (Arquitecto) - UNI, 2020. | ||
| 520 | 3 | |a Presenta una propuesta de edificios híbridos capaces de generar interacciones y congestión mediante la combinación de programas, fomento de actividades y composición de programas, fomento de actividades y potencial de la vida urbana. | |
| 650 | 7 | |a ESTRUCTURA ARQUITECTONICA | |
| 650 | 7 | |b EDIFICIOS HIBRIDOS | |
| 650 | 7 | |c DISEÑO- ESPACIOS URBANOS | |
| 650 | 7 | |d MEDIO AMBIENTE | |
| 700 | 1 | |a Tutor: |b Pentzke, Gerald | |
| 942 | |c BK |2 ddc | ||
| 991 | |a TESIS | ||
| 999 | |c 21193 | ||